000 00456nam a2200157Ia 4500
008 130318s9999 xx 000 0 und d
020 _a9781412922623
082 _a658.4038011 WIL/M.5
100 _aWillcocks, Leslie P
245 _aMajor currents in information system. Vol 5
260 _bSage
_aLondon
_c2008
300 _a362
650 _aINFORMATION SYSTEM
650 _aSOCIAL AND ORGANIZATIONAL INFORMATION SYSTEMS RESEARCH
700 _aLee, Alen
999 _c1929
_d1929